[Event "4NCL Division 2a"]
[Site "Birmingham ENG"]
[Date "2015.02.15"]
[Round "6.99"]
[White "Whatley, Stephen"]
[Black "Willson, Ollie"]
[Result "1-0"]
[WhiteElo "1983"]
[BlackElo "1918"]
[PlyCount "53"]
[EventDate "2015.02.15"]

1. d4 Nf6 2. Nf3 g6 3. Bg5 Bg7 4. Nbd2 d5 5. e3 O-O 6. c3 b6 7. Ne5 Bb7 8. Bd3
Nbd7 9. f4 Ne4 10. Nxe4 dxe4 11. Bc4 Nxe5 12. dxe5 Qe8 13. e6 f6 14. Bh4 Qc6
15. Qe2 Rad8 16. g4 Rd3 17. Bb3 Rfd8 18. O-O Rd2 19. Qe1 Rxb2 20. Rd1 Rxd1 21.
Qxd1 Qxc3 22. Qd8+ Bf8 23. Qe8 h5 24. Qf7+ Kh8 25. Qxf8+ Kh7 26. Qxe7+ Kg8 27.
Qf7+ 1-0

[Event "4NCL Division 2a"]
[Site "Birmingham ENG"]
[Date "2015.02.15"]
[Round "6.99"]
[White "Higgs, Anthony RJ"]
[Black "Duncan, Patrick"]
[Result "1/2-1/2"]
[WhiteElo "1972"]
[BlackElo "2016"]
[PlyCount "111"]
[EventDate "2015.02.15"]

1. d4 Nf6 2. Nf3 e6 3. Bg5 Be7 4. e3 c5 5. c3 d6 6. Bd3 b6 7. O-O O-O 8. Qe2
cxd4 9. exd4 Bb7 10. Bxf6 Bxf6 11. Nbd2 g6 12. Rfe1 Bg7 13. Ne4 Qc7 14. Rad1
Nd7 15. Bb1 Nf6 16. Nfg5 Nxe4 17. Nxe4 Rab8 18. Qd3 Bxe4 19. Qxe4 d5 20. Qg4 b5
21. a3 a5 22. Rd3 b4 23. axb4 axb4 24. h4 bxc3 25. bxc3 Rb3 26. Qh3 Ra8 27. Bc2
Rb2 28. Bd1 Raa2 29. Rf1 Qf4 30. Rf3 Qc7 31. h5 Rb1 32. hxg6 hxg6 33. Be2 Raa1
34. Rxb1 Rxb1+ 35. Bf1 Qc4 36. g4 Qe2 37. Rg3 Qe1 38. Re3 Qd1 39. g5 Bf8 40.
Qg2 Bd6 41. Qh3 Bf4 42. Rf3 Bxg5 43. Rg3 Bd2 44. Rxg6+ fxg6 45. Qxe6+ Kh7 46.
Qe7+ Kh6 47. Qf8+ Kg5 48. Qe7+ Kh5 49. Qe5+ Bg5 50. Qh2+ Bh4 51. Qe5+ g5 52.
Qe8+ Kh6 53. Qe6+ Kh7 54. Qe7+ Kg6 55. Qe6+ Kh5 56. Qe8+ 1/2-1/2